000 00939nam a22002897a 4500
003 CHAP
005 20220329140551.0
008 971013s1978 r 10010 d
010 _a54074
011 _a55046
035 _a59198
040 _cCHAP
082 _a631.42
_bS4
111 0 0 _aSeminar on Soil and leaf Analytical Methods their Techniques and Interpretation (
_d1978
_c: Partanian, Malaysia)
_9103968
245 _aProceedings
260 _aPartanian, Malaysia :
_bThe seminar,
_c1978
300 _a137 p.
_b; gráfs.
590 _aBATCH-UPD
_b10
_c20130110
_lUCH01
_h1920
590 _aBATCH-UPD
_b10
_c20130410
_lUCH01
_h1246
590 _aBATCH-UPD
_b10
_c20130914
_lUCH01
_h1951
590 _aCONVERSION
_b10
_c20130109
_lUCH01
_h1329
650 1 4 _aQuímica vegetal.
_993602
650 1 4 _aSuelos
_xAnálisis.
_9110204
901 _aBK
942 _cLIBRO
949 _a631.42 S4
_bBC
_cLIBRO
_d33724000067138
_eLIBRO
_h60455
_i59198
_si
999 _c54074
_d54074